[Event "North American-ch U08"]
[Site "Montreal"]
[Date "2010.08.18"]
[Round "6"]
[White "Zhurbinsky, David J"]
[Black "Xi, Michael"]
[Result "1-0"]
[WhiteElo "905"]
[BlackElo "662"]
[PlyCount "21"]
[EventDate "2010.08.16"]
[EventType "swiss"]
[EventRounds "7"]
[EventCountry "CAN"]
[SourceTitle "EXT 2013"]
[Source "ChessBase"]
[SourceDate "2012.11.22"]
[SourceVersion "1"]
[SourceVersionDate "2012.11.22"]
[SourceQuality "1"]

1. e4 g6 2. Nf3 Bg7 3. Bc4 Nf6 4. Ng5 h6 5. Nxf7 0-0 6. Nxd8+ Kh7 7. Nf7 d6 8. e5 dxe5 9. Nxe5 c6 10. d4 b5 11. Bb3 1-0

[Event "North American-ch U08"]
[Site "Montreal"]
[Date "2010.08.16"]
[Round "1"]
[White "Balakrishnan, Praveen"]
[Black "Xi, Michael"]
[Result "1-0"]
[WhiteElo "1721"]
[BlackElo "662"]
[PlyCount "35"]
[EventDate "2010.08.16"]
[EventType "swiss"]
[EventRounds "7"]
[EventCountry "CAN"]
[SourceTitle "EXT 2013"]
[Source "ChessBase"]
[SourceDate "2012.11.22"]
[SourceVersion "1"]
[SourceVersionDate "2012.11.22"]
[SourceQuality "1"]

1. e4 e5 2. Nf3 d6 3. d4 exd4 4. Nxd4 c5 5. Nf3 g6 6. Bc4 Qd7 7. 0-0 Bg7 8. Ng5 Qg4 9. Nxf7 Nh6 10. Nxh6 Bxh6 11. Bxh6 Be6 12. f3 Qh5 13. Bxe6 Qxh6 14. Qxd6 Qe3+ 15. Kh1 Rg8 16. Rd1 Nd7 17. Qxd7+ Kf8 18. Qf7# 1-0